|
|
|
|
| LEADER |
00874nam a2200229 a 4500 |
| 001 |
c000122562 |
| 003 |
CARM |
| 005 |
00000000000000.0 |
| 008 |
910528s1929 enk 00011 eng d |
| 019 |
1 |
|
|a 7780718
|5 LACONCORD2021
|
| 035 |
|
|
|a (OCoLC)15637321
|5 LACONCORD2021
|
| 040 |
|
|
|a CLONE
|c VIT
|
| 100 |
1 |
|
|a Huxley, Aldous,
|d 1894-1963.
|
| 245 |
1 |
0 |
|a Two or three graces, and other stories /
|c by Aldous Huxley.
|
| 260 |
|
|
|a London :
|b Chatto & Windus,
|c 1929.
|
| 300 |
|
|
|a [272 p.] :
|c 18 cm.
|
| 440 |
|
4 |
|a The Phoenix library
|
| 505 |
0 |
|
|a Two or three graces -- Half-holiday -- The monocle --Fairy godmother.
|
| 852 |
8 |
|
|b CARM
|h A2:AH14G0
|i A01798
|p 0135986
|f BK
|
| 082 |
0 |
4 |
|a 823/.912
|2 20
|
| 999 |
f |
f |
|i 2bf2339f-7713-5c8e-9116-37fd6a9e9950
|s 418106a6-146c-53cb-812d-81528578a9cf
|
| 952 |
f |
f |
|p Can circulate
|a CAVAL
|b CAVAL
|c CAVAL
|d CARM 1 Store
|e A01798
|f A2:AH14G0
|h Other scheme
|i book
|m 0135986
|